|
|
|
|
| LEADER |
01621nas a2200409 a 4500 |
| 001 |
c000167827 |
| 003 |
CARM |
| 005 |
20010218000000.0 |
| 008 |
760712d19501975gw mrzp 0 b0ger d |
| 010 |
|
|
|a 55027216
|z sn 86009982
|
| 019 |
1 |
|
|a 4586470
|5 LACONCORD2021
|
| 022 |
|
|
|a 0017-0763
|
| 035 |
|
|
|a (OCoLC)2447232
|5 LACONCORD2021
|
| 040 |
|
|
|a PPiU
|b eng
|c QPR
|d PPiU
|d AIP
|d DLC
|d LC
|
| 042 |
|
|
|a nsdp
|a lcd
|a premarc
|
| 050 |
0 |
0 |
|a TP807
|b .G6
|
| 210 |
0 |
|
|a Glas-email-keramo-tech.
|
| 222 |
|
0 |
|a Glas-email-keramo-technik.
|
| 245 |
0 |
0 |
|a Glas-email-keramo-technik.
|
| 260 |
|
|
|a Hamburg :
|b Verlag Brunke Garrels,
|
| 300 |
|
|
|a v. :
|b ill. ;
|c 30 cm.
|
| 310 |
|
|
|a Monthly.
|
| 362 |
1 |
|
|a Began publication with Jahrg. 1, Juli 15, 1950; ceased publication in 1975.
|
| 500 |
|
|
|a Description based on: Jahrg. 17, heft 1 (Jan. 1966).
|
| 500 |
|
|
|a "Internationales journal für sìlìkate."
|
| 510 |
2 |
|
|a Energy research abstracts
|x 0160-3604.
|
| 650 |
|
0 |
|a Glass
|x Periodicals.
|
| 650 |
|
0 |
|a Silicate industry
|x Periodicals.
|
| 650 |
|
0 |
|a Ceramics
|x Periodicals.
|
| 650 |
|
0 |
|a Enamel and enameling
|x Periodicals.
|
| 780 |
0 |
0 |
|t Glashütte (Dresden, Germany : East 1947)
|w (OCoLC)8482441.
|
| 785 |
0 |
4 |
|t Silikat journal.
|d [Selb, Ger., Verlag Technischer Zeitschriften Aumann KG.]
|w (DLC) 78644971.
|
| 852 |
8 |
|
|b CARM
|h A3:AD11C0
|i D06695
|p 0227863
|f SE
|
| 866 |
|
0 |
|a 5(1954)-12(1961)
|
| 866 |
|
|
|a 5(1954)-12(1961)
|
| 999 |
f |
f |
|i 84c8134a-16e9-58d0-8078-7468af02c15f
|s 02bbab50-2232-5eea-9af6-e4cd1eb64e0e
|
| 952 |
f |
f |
|p Can circulate
|a CAVAL
|b CAVAL
|c CAVAL
|d CARM 1 Store
|e D06695
|f A3:AD11C0
|h Other scheme
|i book
|k 5(1954)-12(1961)
|m 0227863
|